000 01618nam a2200253 a 4500
008 190710s2012 ||||||||||||||||| || u
020 _a9780071089012
050 _aQC 670 Hay
100 _aBuck, John A
245 1 0 _aEngineering electromagnetics. (8th edition)
_cBy William H. Hayt ; John A. Buck
250 _a8th edition
260 _aNew York
_bMcGraw-Hill Education
_c2012
300 _axiv, 593 pages : illustrations
350 _a50.41
650 _aELECTROMAGNETIC THEORY
700 _aHayt, William H
995 _FCBU-MAIN LIBRARY (Kitwe)
_I50.41
_M7
_UAVAILABLE
_WNov 25, 2019
_ZShort Loan Collection
995 _FCBU-MPIKA LIBRARY
_I50.41
_M5
_UAVAILABLE
_WNov 25, 2019
_ZShort Loan Collection
995 _FCBU-MAIN LIBRARY (Kitwe)
_I50.41
_M1
_UAVAILABLE
_WJul 11, 2019
_ZMain Library Open Access Collection
995 _FCBU-MAIN LIBRARY (Kitwe)
_I50.41
_M2
_UAVAILABLE
_WJul 11, 2019
_ZMain Library Open Access Collection
995 _FCBU-MAIN LIBRARY (Kitwe)
_I50.41
_M4
_UAVAILABLE
_WJul 11, 2019
_ZMain Library Open Access Collection
995 _FCBU-MPIKA LIBRARY
_I50.41
_M6
_UAVAILABLE
_WNov 25, 2019
_ZShort Loan Collection
995 _FCBU-MAIN LIBRARY (Kitwe)
_I50.41
_M3
_UAVAILABLE
_WJul 11, 2019
_ZMain Library Open Access Collection
999 _c62475
_d62475